Super patata vol. 4

Saved in:
Bibliographic Details
Main Author: Laperla, Artur Díaz Martínez, Artur (Author)
Format: Book
Language:Spanish
Published: s.l Bang Ediciones 2015
Edition:1a. ed
Subjects:
Tags: Add Tag
No Tags, Be the first to tag this record!

MARC

LEADER 00000cam a2200000 a 4500
001 UCC0370
003 CL-VaPUC
008 170811e20150000cl |||||||||||||||||spa|d
020 |a 978641614221 
082 0 4 |a 741.59  |b LAP  |2 21 
100 |a Laperla, Artur  |e author  |q Díaz Martínez, Artur   |9 594305 
245 1 0 |a Super patata vol. 4 
250 |a 1a. ed 
300 |a 54 p 
942 |c BK 
945 |d 20170811 15:21:00  |a dcastane 
260 |a s.l  |b Bang Ediciones  |c 2015 
650 0 |a Cómics  |9 369534 
650 0 |a Historietas  |9 369533 
583 |a last modification  |c 20170811 15:21:00  |k Rodrigo Vera 
999 |c 369222  |d 369220